000 01201aam a2200325 i 4500
001 768714001
003 CO-MdFUSB
005 20220203160211.0
007 ta
008 220203t1975 sp |||| |||| 00| 0 spa d
020 _a847228206
_q6
040 _bspa.
_aCO-MdFUSB
_cCO-MdFUSB
_dCO-MdFUSBC
_erda
041 _aspa
_heng
082 0 4 _a248.8
_223
_bC7711q
100 1 _aCook, Roberto A. (Robert)
_eautor
240 _aIt's tough to be a teen-ager
245 1 0 _aQué difícil es ser joven!
_c/ Robert A. Cook ; traducido por Francisco Cazorla Olmo
264 1 _aTerrassa, Barcelona, España :
_bClie,
_c[1975]
264 4 _c© 1975
300 _a82 páginas
_c; 18 cm
336 _atexto
_btxt
_2rdacontent
337 _2rdamedia
_asin mediación
_bn
338 _2rdacarrier
_avolumen
_bnc
505 _a¿Puede un chico cristiano ser popular? -- La carrera y/o Cristo. -- Cómo tratar con los padres. -- El ofuscamiento de la escuela. -- El amor. -- Un poco de limpieza mental. -- Finalmente, sí, ¡Qué difícil es ser joven!
563 _aRústico
650 0 _aVida cristiana
_919
700 _96064
_aCazorla Olmo, Francisco,
_etraductor
942 _cBK
945 _aJTF-925
999 _c36030
_d36030